000 00550nam a2200229Ia 4500
003 OSt
005 20221005130147.0
006 a|||||r|||| 00| 0
007 ta
008 221004b |||||||| |||| 00| 0 kan d
024 _a62119
037 _cTextual
040 _aCRL
_cCRL
_bkan
041 _2kan
_akan
082 _aW, 33J8
100 _aD.V.G. Au.
_9605474
245 0 _aRajakeeya prasangagalu
260 _c1958
650 _aPOLITICAL SCIENCE
942 _hW, 33J8
_cTEXL
_2cc
999 _c1056275
_d1056275